[Event "Almansa op-B"]
[Site "Almansa"]
[Date "2014.08.05"]
[Round "1"]
[White "Idiazabal Troyas, Aritz"]
[Black "Palao Morales, Antonio"]
[Result "1-0"]
[WhiteElo "1979"]
[BlackElo "1629"]
[PlyCount "113"]
[EventDate "2014.08.05"]
[EventType "swiss"]
[EventRounds "9"]
[EventCountry "ESP"]
[SourceTitle "EXT 2019"]
[Source "ChessBase"]
[SourceDate "2018.10.10"]
[SourceVersion "1"]
[SourceVersionDate "2018.10.10"]
[SourceQuality "1"]

1. e4 e6 2. d3 Nf6 3. Nf3 Be7 4. g3 d5 5. Nbd2 c6 6. Bg2 h6 7. 0-0 0-0 8. Re1 Qb6 9. e5 Nfd7 10. Nb3 c5 11. c3 Nc6 12. Qe2 Qc7 13. h4 b6 14. Bf4 Ba6 15. Nbd2 Rae8 16. Nf1 d4 17. c4 Bb7 18. N1h2 Bd8 19. Nd2 Ne7 20. h5 Nf5 21. g4 Bxg2 22. gxf5 Bh3 23. f6 Qc6 24. Ne4 Kh7 25. Qf3 Rg8 26. Qxh3 gxf6+ 27. Kf1 fxe5 28. Qf3 Qa8 29. Bxh6 f5 30. Bd2 Ref8 31. Ng3 e4 32. dxe4 fxe4 33. Qxe4+ Qxe4 34. Nxe4 Ne5 35. b3 Nd3 36. Re2 Rf5 37. h6 Rh5 38. f3 e5 39. Rg2 Rf5 40. Rxg8 Kxg8 41. Ke2 Nf4+ 42. Bxf4 exf4 43. Rg1+ Kh7 44. Ng4 Be7 45. Kd3 a6 46. Re1 b5 47. cxb5 axb5 48. Nc3 Bh4 49. Rh1 b4 50. Rxh4 dxc3 51. Ke4 Rf7 52. Rh5 Rc7 53. Rh1 Ra7 54. Kf5 Rxa2 55. Nf6+ Kh8 56. Rg1 Ra8 57. h7 1-0

[Event "Almansa op-B"]
[Site "Almansa"]
[Date "2013.08.06"]
[Round "1.2"]
[White "Talavera Garcia, Santiago"]
[Black "Palao Morales, Antonio"]
[Result "1-0"]
[WhiteElo "1997"]
[BlackElo "1646"]
[PlyCount "40"]
[EventDate "2013.08.06"]
[EventType "swiss"]
[EventRounds "9"]
[EventCountry "ESP"]
[SourceTitle "EXT 2024"]
[Source "ChessBase"]
[SourceDate "2023.10.10"]
[SourceVersion "1"]
[SourceVersionDate "2023.10.10"]
[SourceQuality "1"]

1. d4 d5 2. c4 c6 3. Nc3 Nf6 4. Bg5 e6 5. cxd5 exd5 6. Qc2 Be7 7. e3 Be6 8. Bd3 h6 9. Bh4 Nbd7 10. Nge2 a6 11. 0-0 Rc8 12. Nf4 Bg4 13. f3 g5 14. fxg4 gxh4 15. Bf5 Rg8 16. h3 Rg5 17. Rae1 Kf8 18. e4 dxe4 19. Nxe4 Nxe4 20. Qxe4 Nf6 1-0